[Event "ENG-ch Seniors 50"]
[Site "Leamington Spa"]
[Date "2023.05.08"]
[Round "7"]
[White "Thompson, Ian D"]
[Black "Mason, Donald"]
[Result "1/2-1/2"]
[WhiteElo "2064"]
[BlackElo "2054"]
[PlyCount "33"]
[EventDate "2023.05.04"]
[EventType "swiss"]
[EventRounds "7"]
[EventCountry "ENG"]
[SourceTitle "CBM 214 Extra"]
[Source "ChessBase"]
[SourceDate "2023.07.31"]
[SourceVersion "1"]
[SourceVersionDate "2023.07.31"]
[SourceQuality "1"]

1. c4 Nf6 2. Nc3 g6 3. g3 Bg7 4. Bg2 0-0 5. Nf3 c5 6. d4 d6 7. 0-0 Nc6 8. dxc5 dxc5 9. Be3 Qa5 10. Nd5 e6 11. Bd2 Qd8 12. Nxf6+ Bxf6 13. Qc1 b6 14. Rd1 Qe7 15. Bc3 Bxc3 16. Qxc3 Bb7 17. e3 1/2-1/2

[Event "Daventry 4NCL Easter op-A 3rd"]
[Site "Daventry"]
[Date "2023.04.10"]
[Round "6"]
[White "Kothari, Jai"]
[Black "Mason, Donald"]
[Result "0-1"]
[WhiteElo "1722"]
[BlackElo "2067"]
[PlyCount "106"]
[EventDate "2023.04.07"]
[EventType "swiss"]
[EventRounds "7"]
[EventCountry "ENG"]
[SourceTitle "CBM 213 Extra"]
[Source "ChessBase"]
[SourceDate "2023.05.31"]
[SourceVersion "1"]
[SourceVersionDate "2023.05.31"]
[SourceQuality "1"]

1. e4 c5 2. Nf3 Nc6 3. d4 cxd4 4. Nxd4 e5 5. Nb3 Nf6 6. f3 d5 7. exd5 Nxd5 8. c3 Be6 9. Bd3 Qh4+ 10. g3 Qh3 11. Qe2 Be7 12. N1d2 f5 13. Nc4 f4 14. Bd2 fxg3 15. 0-0-0 g2 16. Rhg1 0-0 17. Rxg2 Rxf3 18. Be4 Rf7 19. Rg3 Qh4 20. Bxd5 Bxd5 21. Nxe5 Nxe5 22. Qxe5 Bxb3 23. axb3 Bf6 24. Qe2 Re7 25. Qg2 Qe4 26. Qh3 Rd8 27. Re3 Qd5 28. Rxe7 Bxe7 29. c4 Qd6 30. Qe3 Bf6 31. Qe2 Qd4 32. Bc3 Qxd1+ 33. Qxd1 Rxd1+ 34. Kxd1 Bxc3 35. bxc3 a5 36. Kd2 Kf7 37. Ke3 Ke6 38. Kd4 Kd6 39. h4 g6 40. Ke4 Kc5 41. Ke5 h6 42. Kf6 g5 43. hxg5 hxg5 44. Kxg5 a4 45. bxa4 Kxc4 46. Kf4 Kxc3 47. a5 Kb4 48. Ke3 Kxa5 49. Kd2 Kb4 50. Kc2 Ka3 51. Kb1 b5 52. Ka1 b4 53. Kb1 Kb3 0-1

[Event "GBR-ch Seniors 50 108th"]
[Site "Torquay"]
[Date "2022.08.14"]
[Round "7"]
[White "Homer, Stephen J"]
[Black "Mason, Donald"]
[Result "1-0"]
[WhiteElo "1932"]
[BlackElo "2104"]
[PlyCount "113"]
[EventDate "2022.08.08"]
[EventType "swiss"]
[EventRounds "7"]
[EventCountry "ENG"]
[SourceTitle "EXT 2024"]
[Source "ChessBase"]
[SourceDate "2023.10.10"]
[SourceVersion "1"]
[SourceVersionDate "2023.10.10"]
[SourceQuality "1"]

1. e4 e5 2. Nf3 Nc6 3. Bb5 a6 4. Ba4 Nf6 5. 0-0 Be7 6. Re1 b5 7. Bb3 d6 8. c3 0-0 9. h3 Nb8 10. d4 Nbd7 11. Nbd2 Bb7 12. Bc2 Re8 13. Nf1 Bf8 14. Ng3 g6 15. a4 c5 16. d5 c4 17. Bg5 Nc5 18. Qd2 Be7 19. Be3 Nfd7 20. Nh2 Nb6 21. Bxc5 dxc5 22. Nf3 Qd6 23. h4 Reb8 24. h5 Bc8 25. hxg6 hxg6 26. a5 Nd7 27. Kf1 Kg7 28. Ke2 Bb7 29. Nh2 Rh8 30. Ng4 Rh4 31. Rh1 Rah8 32. Rxh4 Rxh4 33. f3 Nf8 34. Ne3 Bc8 35. Kf2 Nh7 36. Qe2 Bg5 37. Ngf1 Rh1 38. Rd1 Bd8 39. g3 Bxa5 40. Kg2 Rh6 41. Nh2 Bd8 42. Nhg4 Rh5 43. Rf1 f5 44. exf5 gxf5 45. Nxe5 Qxe5 46. f4 Qe7 47. Qxh5 Qxe3 48. Bxf5 Qd2+ 49. Kh3 Bxf5+ 50. Qxf5 Nf6 51. Qe5 Kg6 52. Re1 Nxd5 53. Qe8+ Kg7 54. Qd7+ Kg6 55. f5+ Kh5 56. Qh7+ Qh6 57. Qf7+ 1-0

[Event "ENG Chessable-ch Seniors 50+"]
[Site "Kenilworth"]
[Date "2022.05.07"]
[Round "5"]
[White "Mason, Donald"]
[Black "Arkell, Keith C"]
[Result "0-1"]
[WhiteElo "2056"]
[BlackElo "2367"]
[PlyCount "100"]
[EventDate "2022.05.04"]
[EventType "swiss"]
[EventRounds "7"]
[EventCountry "ENG"]
[SourceTitle "CBM 208 Extra"]
[Source "ChessBase"]
[SourceDate "2022.07.31"]
[SourceVersion "1"]
[SourceVersionDate "2022.07.31"]
[SourceQuality "1"]

1. d4 e6 2. e4 d5 3. e5 c5 4. c3 Nc6 5. Nf3 Nge7 6. Na3 Nf5 7. Nc2 cxd4 8. cxd4 Be7 9. Bd3 h5 10. h4 Qb6 11. g3 Bd7 12. 0-0 a5 13. Bxf5 exf5 14. Bg5 Bxg5 15. Nxg5 Ne7 16. Qd2 Rc8 17. Ne3 Qb4 18. Qxb4 axb4 19. Nh3 Be6 20. Nf4 Kd7 21. a3 b3 22. Rad1 Rc6 23. Rd3 Rb6 24. Rc1 Rb5 25. Rcc3 Nc6 26. Rxb3 Rxb3 27. Rxb3 Nxd4 28. Rxb7+ Kc6 29. Rb4 Nf3+ 30. Kg2 Nxe5 31. Nc2 Kd6 32. Rd4 g6 33. Nb4 Kc5 34. Rd2 Nc4 35. Rc2 Kd6 36. Ne2 Bc8 37. b3 Nxa3 38. Rc6+ Kd7 39. Rc5 Bb7 40. Nd4 Re8 41. Ra5 Re4 42. Ra7 Rxd4 43. Rxb7+ Kc8 44. Rb6 Kc7 45. Ra6 Rxb4 46. Rxa3 Kd6 47. Kf3 Ke5 48. Ke3 f4+ 49. gxf4+ Rxf4 50. Ra7 Rxh4 0-1

[Event "ENG Chessable-ch Seniors 50+"]
[Site "Kenilworth"]
[Date "2022.05.05"]
[Round "2"]
[White "Mason, Donald"]
[Black "Hebden, Mark"]
[Result "0-1"]
[WhiteElo "2056"]
[BlackElo "2452"]
[PlyCount "90"]
[EventDate "2022.05.04"]
[EventType "swiss"]
[EventRounds "7"]
[EventCountry "ENG"]
[SourceTitle "CBM 208 Extra"]
[Source "ChessBase"]
[SourceDate "2022.07.31"]
[SourceVersion "1"]
[SourceVersionDate "2022.07.31"]
[SourceQuality "1"]

1. d4 Nf6 2. Nf3 g6 3. c4 Bg7 4. Nc3 0-0 5. e4 d6 6. h3 e5 7. d5 a5 8. Be3 Na6 9. g4 Nc5 10. Nd2 c6 11. Qc2 Bd7 12. 0-0-0 cxd5 13. Bxc5 dxc5 14. exd5 a4 15. a3 b6 16. f3 Ne8 17. h4 f5 18. h5 e4 19. fxe4 fxg4 20. hxg6 hxg6 21. e5 Bf5 22. Bd3 Bxe5 23. Bxf5 gxf5 24. Rdg1 Qg5 25. Kb1 Bg7 26. Nf3 Qf6 27. Qh2 Nd6 28. Qh7+ Kf7 29. Qh5+ Ke7 30. Re1+ Kd7 31. Ne5+ Kc7 32. Ng6 Rh8 33. Nxh8 Rxh8 34. Qxh8 Bxh8 35. Re6 Qxe6 36. dxe6 Bxc3 37. Rh7+ Kd8 38. bxc3 Nxc4 39. Rf7 Ne3 40. Rg7 f4 41. Kc1 f3 42. Rf7 Nf1 43. Kd1 Nh2 44. Ke1 g3 45. c4 Ke8 0-1

[Event "Daventry 4NCL Easter op-A 2nd"]
[Site "Daventry"]
[Date "2022.04.18"]
[Round "7"]
[White "Mason, Donald"]
[Black "Boswell, Jacob Connor"]
[Result "0-1"]
[WhiteElo "2075"]
[BlackElo "2042"]
[PlyCount "118"]
[EventDate "2022.04.15"]
[EventType "swiss"]
[EventRounds "7"]
[EventCountry "ENG"]
[SourceTitle "CBM 207 Extra"]
[Source "ChessBase"]
[SourceDate "2022.05.31"]
[SourceVersion "1"]
[SourceVersionDate "2022.05.31"]
[SourceQuality "1"]

1. e4 c5 2. Nf3 e6 3. d4 cxd4 4. Nxd4 Nc6 5. Nc3 Qc7 6. Be3 a6 7. Be2 b5 8. Nxc6 Qxc6 9. e5 Bb7 10. Bf3 Qc7 11. 0-0 Rd8 12. Bxb7 Qxb7 13. Qg4 d5 14. Ne2 Ne7 15. Nd4 Rc8 16. a4 b4 17. c3 Nc6 18. Nxc6 Rxc6 19. Rac1 Rc4 20. Qg3 b3 21. a5 g6 22. Rfd1 h5 23. Rd4 Qb5 24. Qf4 Bg7 25. Ra1 0-0 26. Rxc4 dxc4 27. Bd4 Rd8 28. Qe3 Rd5 29. f4 Bf8 30. h4 Qc6 31. Kh2 Be7 32. g4 hxg4 33. Rg1 Bc5 34. Rxg4 Bxd4 35. cxd4 c3 36. bxc3 b2 37. Qe4 Qxc3 38. Rxg6+ Kf8 39. Rh6 Qxd4 40. Rh8+ Ke7 41. Qxd4 Rxd4 42. Rb8 Rxf4 43. Rb7+ Kf8 44. Rxb2 Rxh4+ 45. Kg3 Ra4 46. Rb7 Rxa5 47. Kf4 Ra4+ 48. Ke3 Kg7 49. Ra7 Kg6 50. Kf3 a5 51. Ke3 Ra1 52. Kf4 a4 53. Ra8 a3 54. Rg8+ Kh7 55. Rg2 a2 56. Kg5 Kg7 57. Kh5+ Kf8 58. Kg5 Ke7 59. Kg4 Kd7 0-1

[Event "ENG-ch Seniors 50"]
[Site "Milton Keynes"]
[Date "2021.10.06"]
[Round "3"]
[White "Robson, Ian A"]
[Black "Mason, Donald"]
[Result "1-0"]
[WhiteElo "2189"]
[BlackElo "2062"]
[PlyCount "103"]
[EventDate "2021.10.04"]
[EventType "swiss"]
[EventRounds "7"]
[EventCountry "ENG"]
[SourceTitle "EXT 2023"]
[Source "ChessBase"]
[SourceDate "2022.10.05"]
[SourceVersion "1"]
[SourceVersionDate "2022.10.05"]
[SourceQuality "1"]

1. e4 e5 2. Nf3 Nc6 3. d4 exd4 4. Nxd4 Qf6 5. Be3 Bc5 6. c3 Nge7 7. Bc4 0-0 8. 0-0 Ne5 9. Be2 d5 10. f4 Qh6 11. Qd2 N5c6 12. Nb5 Bxe3+ 13. Qxe3 dxe4 14. Nxc7 Rb8 15. Na3 Nf5 16. Qxe4 Qd6 17. Nab5 Qc5+ 18. Kh1 a6 19. b4 Qe3 20. Nd6 Rd8 21. Rad1 Qxe4 22. Nxe4 Be6 23. Nxe6 fxe6 24. Bc4 Ne3 25. Bxe6+ Kf8 26. Rxd8+ Nxd8 27. Rf3 Nxg2 28. Nc5 Nxe6 29. Nxe6+ Ke7 30. Nxg7 Nh4 31. Rh3 Rg8 32. Rxh4 Rxg7 33. Rh6 Rf7 34. Kg2 Kf8 35. Kf3 Rc7 36. Kg4 Rxc3 37. Rxh7 b5 38. Rh3 Rc4 39. a3 a5 40. bxa5 Ra4 41. Kg5 Rxa5 42. f5 Kf7 43. Rc3 Ra7 44. Rb3 Ra5 45. h4 Kg7 46. h5 Kh7 47. Re3 Ra4 48. h6 Rc4 49. Re7+ Kh8 50. f6 Rc5+ 51. Kg6 Rc8 52. f7 1-0

[Event "BCF-chT2a 1920 (4NCL)"]
[Site "Daventry"]
[Date "2020.02.29"]
[Round "1.23"]
[White "Mason, Donald"]
[Black "Coathup, Roger"]
[Result "0-1"]
[WhiteElo "2080"]
[BlackElo "2152"]
[PlyCount "70"]
[EventDate "2020.01.11"]
[EventType "team-tourn"]
[EventRounds "11"]
[EventCountry "ENG"]
[SourceTitle "CBM 195 Extra"]
[Source "ChessBase"]
[SourceDate "2020.05.31"]
[SourceVersion "1"]
[SourceVersionDate "2020.05.31"]
[SourceQuality "1"]
[WhiteTeam "Warwicks Select"]
[BlackTeam "North East England"]
[WhiteTeamCountry "ENG"]
[BlackTeamCountry "ENG"]

1. e4 c5 2. Nf3 e6 3. d4 cxd4 4. Nxd4 a6 5. c4 Nf6 6. Nc3 Qc7 7. a3 b6 8. Be3 Bb7 9. f3 d6 10. Rc1 Nbd7 11. Be2 Be7 12. 0-0 0-0 13. b4 Kh8 14. Qd2 Qb8 15. Kh1 Bd8 16. Rc2 Bc7 17. Bg1 Rg8 18. Rb1 g5 19. Nb3 g4 20. Qe3 gxf3 21. Qxf3 Qf8 22. Bd4 Qh6 23. Rf1 Rg6 24. h3 Rag8 25. Bd3 Ne5 26. Bxe5 dxe5 27. Rff2 Ng4 28. Qxf7 Nxf2+ 29. Rxf2 R6g7 30. Qf3 Rg3 31. Qe2 Bd8 32. Nd1 Qg6 33. Qf1 Bxe4 34. Bxe4 Qxe4 35. Rf8 Rxg2 0-1

[Event "BCF-chT2a 1920 (4NCL)"]
[Site "Daventry"]
[Date "2020.01.11"]
[Round "3.32"]
[White "Mason, Donald"]
[Black "Grant, David J"]
[Result "1/2-1/2"]
[WhiteElo "2080"]
[BlackElo "2047"]
[PlyCount "51"]
[EventDate "2020.01.11"]
[EventType "team-tourn"]
[EventRounds "11"]
[EventCountry "ENG"]
[SourceTitle "CBM 194 Extra"]
[Source "ChessBase"]
[SourceDate "2020.03.31"]
[SourceVersion "1"]
[SourceVersionDate "2020.03.31"]
[SourceQuality "1"]
[WhiteTeam "Warwicks Select"]
[BlackTeam "Sussex Martlets"]
[WhiteTeamCountry "ENG"]
[BlackTeamCountry "ENG"]

1. e4 c5 2. Nf3 d6 3. Bb5+ Nc6 4. 0-0 Bd7 5. c3 Nf6 6. Re1 a6 7. Bc4 Bg4 8. d4 cxd4 9. cxd4 e5 10. d5 Nd4 11. Be3 Rc8 12. Na3 Nxf3+ 13. gxf3 Bh3 14. f4 Qd7 15. f3 Be7 16. Bb3 exf4 17. Bb6 Bd8 18. Ba4 Bxb6+ 19. Kh1 Rc6 20. dxc6 bxc6 21. e5 dxe5 22. Rxe5+ Kd8 23. Bxc6 Qxd1+ 24. Rxd1+ Kc7 25. Ba4 Ng4 26. Re7+ 1/2-1/2

[Event "Shropshire op"]
[Site "Telford"]
[Date "2020.01.05"]
[Round "4"]
[White "Burrows, Martin P"]
[Black "Mason, Donald"]
[Result "1/2-1/2"]
[WhiteElo "2178"]
[BlackElo "2080"]
[PlyCount "62"]
[EventDate "2020.01.03"]
[EventType "swiss"]
[EventRounds "5"]
[EventCountry "ENG"]
[SourceTitle "CBM 194 Extra"]
[Source "ChessBase"]
[SourceDate "2020.03.31"]
[SourceVersion "1"]
[SourceVersionDate "2020.03.31"]
[SourceQuality "1"]

1. e4 e6 2. d4 d5 3. e5 c5 4. c3 Qb6 5. Nf3 Nc6 6. a3 Nh6 7. b4 cxd4 8. cxd4 Nf5 9. Bb2 Bd7 10. g4 Nh6 11. h3 f6 12. exf6 gxf6 13. Nc3 Nf7 14. Be2 a6 15. Na4 Qc7 16. Nc5 Bxc5 17. dxc5 Nfe5 18. Qd2 0-0-0 19. 0-0-0 Nxf3 20. Bxf3 Ne5 21. Be2 Ba4 22. Rde1 d4 23. f4 Ng6 24. Rhf1 e5 25. fxe5 fxe5 26. Bd3 Nf4 27. Kb1 Nxd3 28. Qxd3 Bb5 29. Qf5+ Qd7 30. Qxd7+ Rxd7 31. Rf6 e4 1/2-1/2

[Event "South Normanton 4NCL op 23rd"]
[Site "South Normanton"]
[Date "2019.10.05"]
[Round "3"]
[White "Simpson, Derek"]
[Black "Mason, Donald"]
[Result "0-1"]
[WhiteElo "1638"]
[BlackElo "2070"]
[PlyCount "60"]
[EventDate "2019.10.04"]
[EventType "swiss"]
[EventRounds "5"]
[EventCountry "ENG"]
[SourceTitle "CBM 192 Extra"]
[Source "Chessbase"]
[SourceDate "2019.11.06"]
[SourceVersion "1"]
[SourceVersionDate "2019.11.06"]
[SourceQuality "1"]

1. d4 g6 2. Nf3 Bg7 3. e3 f5 4. c4 Nf6 5. Nc3 0-0 6. b4 a5 7. b5 c5 8. Bb2 cxd4 9. exd4 d6 10. Be2 Kh8 11. 0-0 b6 12. Re1 e6 13. Bf1 h6 14. Rc1 g5 15. Rc2 Re8 16. Bd3 Ra7 17. Bc1 Nh7 18. Be2 g4 19. Nd2 Bxd4 20. Nf1 Be5 21. Be3 Rg7 22. f4 gxf3 23. Bxf3 Ng5 24. Bxg5 Qxg5 25. Qd2 Bb7 26. Qxg5 hxg5 27. Bxb7 Rxb7 28. Ne2 Rc8 29. Ne3 Rbc7 30. Rec1 Nd7 0-1

[Event "BCF-chT2 1819 (4NCL) Demotion"]
[Site "England"]
[Date "2019.05.04"]
[Round "9.65"]
[White "Mason, Donald"]
[Black "Davies, Matthew"]
[Result "1-0"]
[WhiteElo "2065"]
[BlackElo "1932"]
[PlyCount "45"]
[EventDate "2018.11.10"]
[EventType "team-tourn"]
[EventRounds "11"]
[EventCountry "ENG"]
[SourceTitle "EXT 2021"]
[Source "ChessBase"]
[SourceDate "2020.10.23"]
[SourceVersion "1"]
[SourceVersionDate "2020.10.23"]
[SourceQuality "1"]
[WhiteTeam "Warwicks Select"]
[BlackTeam "West is Best II"]
[WhiteTeamCountry "ENG"]
[BlackTeamCountry "ENG"]

1. e4 e6 2. d4 d5 3. Nd2 Nf6 4. Bd3 c5 5. c3 Nc6 6. Ngf3 cxd4 7. cxd4 dxe4 8. Nxe4 Bb4+ 9. Nc3 0-0 10. 0-0 Be7 11. a3 b6 12. Re1 Bb7 13. Bc2 Rc8 14. Qd3 Re8 15. d5 exd5 16. Bg5 Kf8 17. Bxf6 Bxf6 18. Qxh7 Rxe1+ 19. Rxe1 g6 20. Bxg6 fxg6 21. Qxg6 Bg7 22. Ng5 Qd7 23. Nh7+ 1-0

[Event "Bolton Easter op"]
[Site "Bolton"]
[Date "2019.04.21"]
[Round "5"]
[White "Mason, Donald"]
[Black "Kobryn, Peter J"]
[Result "1-0"]
[WhiteElo "2077"]
[BlackElo "1888"]
[PlyCount "59"]
[EventDate "2019.04.19"]
[EventType "swiss"]
[EventRounds "5"]
[EventCountry "ENG"]
[SourceTitle "CBM 190 Extra"]
[Source "ChessBase"]
[SourceDate "2019.07.15"]
[SourceVersion "1"]
[SourceVersionDate "2019.07.15"]
[SourceQuality "1"]

1. e4 c5 2. Nf3 d6 3. Bb5+ Bd7 4. Bxd7+ Nxd7 5. 0-0 Ngf6 6. Qe2 e6 7. d3 Qc7 8. Ng5 h6 9. Nh3 Be7 10. f4 0-0 11. Nc3 a6 12. Bd2 b5 13. Rae1 b4 14. Nd1 Rfe8 15. g4 Nh7 16. g5 hxg5 17. Nxg5 Nxg5 18. fxg5 Ne5 19. h4 Qd8 20. Bf4 Ng6 21. Bg3 Nh8 22. Ne3 Ra7 23. Rf2 Bf8 24. Ref1 a5 25. Ng4 Ng6 26. h5 Ne5 27. g6 fxg6 28. Bxe5 gxh5 29. Bf6 Be7 30. Nh6+ 1-0

[Event "Bolton Easter op"]
[Site "Bolton"]
[Date "2019.04.19"]
[Round "2"]
[White "Mason, Donald"]
[Black "Doherty, Paul D"]
[Result "1-0"]
[WhiteElo "2077"]
[BlackElo "1736"]
[PlyCount "61"]
[EventDate "2019.04.19"]
[EventType "swiss"]
[EventRounds "5"]
[EventCountry "ENG"]
[SourceTitle "CBM 190 Extra"]
[Source "ChessBase"]
[SourceDate "2019.07.15"]
[SourceVersion "1"]
[SourceVersionDate "2019.07.15"]
[SourceQuality "1"]

1. e4 Nc6 2. Nf3 f5 3. exf5 d5 4. Bb5 Bxf5 5. 0-0 Nf6 6. Re1 a6 7. Bxc6+ bxc6 8. d3 Qd6 9. Bg5 h6 10. Bh4 Bg4 11. Nbd2 0-0-0 12. c3 c5 13. Bg3 Qb6 14. b4 e6 15. bxc5 Bxc5 16. d4 Bd6 17. Rb1 Qa5 18. Qb3 Kd7 19. Bxd6 Kxd6 20. Ne5 Rb8 21. Ndc4+ dxc4 22. Nxc4+ Ke7 23. Nxa5 Rxb3 24. Rxb3 Bf5 25. c4 Kd7 26. Nb7 c6 27. Nc5+ Kd6 28. Rb7 Rg8 29. Re5 a5 30. Rf7 Rb8 31. Nb7+ 1-0